Countries in Which BTS Performed Concerts - Statistics

General Stats
  • This quiz has been taken 902 times
    229 since last reset
  • The average score is 17 of 24
Answer Stats
Country % Correct
United States
96%
Japan
95%
South Korea
94%
United Kingdom
92%
France
90%
China
86%
Germany
84%
Brazil
81%
Mexico
81%
Canada
80%
Thailand
77%
Australia
75%
Indonesia
68%
Philippines
65%
Russia
64%
Taiwan
61%
Vietnam
59%
Singapore
57%
Malaysia
53%
Chile
47%
Saudi Arabia
46%
Sweden
44%
Netherlands
43%
United Arab Emirates
37%
No matching quizzes found
Score Distribution
Percent of People with Each Score
Percentile by Number Answered
Your Score History
You have not taken this quiz since the last reset